Počítačové pirátstvo

Monitoring českej tlače. Príklady počítačového pirátstva v niektorých českých peňažných ústavoch a ako sa proti nemu bránia.

Guardado en:
Detalles Bibliográficos
Formato: Capítulo de libro
Lenguaje:eslovaco
Materias:
Etiquetas: Agregar Etiqueta
Sin Etiquetas, Sea el primero en etiquetar este registro!

MARC

LEADER 00000naa a2200000 4500
001 r024979
005 20221213114631.1
041 0 |a slo 
044 |a SK 
245 1 0 |a Počítačové pirátstvo 
520 |a Monitoring českej tlače. Príklady počítačového pirátstva v niektorých českých peňažných ústavoch a ako sa proti nemu bránia. 
610 2 0 |a banky 
610 2 0 |a počítače 
610 2 0 |a siete počítačové 
610 2 0 |a krádeže 
610 2 0 |a kriminalita 
610 2 0 |a Česko